000 00505nam a2200217Ia 4500
003 OSt
005 20220918200013.0
006 a|||||r|||| 00| 0
007 ta
008 220917b |||||||| |||| 00| 0 eng d
024 _a87,162
037 _cTextual
040 _aARTS
_cARTS
_beng
041 _2eng
_aeng
082 _aT2:8.73, H51
245 0 _aPaths to better schools
260 _c1945
650 _aEDUCATION
942 _hT2:8.73, H51
_cTEXL
_2CC
999 _c210857
_d210857